000 00356nam a2200145Ia 4500
008 150201s2012 xx 000 0 und d
082 _a616
_bH12L
100 _aLogo, DL
245 _aHarrisons Principles of Internal Medicine
250 _a18th
260 _bMc Gnaw Hill
_aNew York
_c2012
300 _a1-1796
650 _aMedicine
942 _2ddc
_cBK
_05
999 _c1389
_d1389